Häufigste deutsche Verben - Extrem - Statistiken

Allgemein
  • Dieses Quiz wurde 8.371 mal gespielt
  • Das Durchschnittsergebnis liegt bei 50 aus 250
Antwortstatistiken
# Verb % Korrekt
18 gehen
89%
1 sein
85%
63 laufen
84%
3 haben
78%
9 machen
76%
29 tun
70%
16 sehen
68%
94 fahren
67%
6 sagen
66%
4 können
65%
19 wollen
64%
2 werden
63%
89 schreiben
62%
85 hören
61%
7 geben
60%
136 lesen
59%
11 stehen
59%
49 sprechen
57%
120 reden
56%
8 müssen
55%
28 nehmen
55%
39 spielen
55%
15 liegen
54%
45 arbeiten
51%
127 denken
51%
145 kaufen
51%
110 sitzen
50%
149 lernen
49%
5 sollen
49%
43 leben
47%
189 fühlen
46%
22 finden
45%
56 mögen
45%
27 dürfen
44%
148 fragen
43%
12 kommen
43%
31 wissen
42%
60 ziehen
41%
25 halten
40%
70 tragen
39%
10 lassen
38%
67 suchen
38%
53 legen
37%
91 fällen
35%
33 stellen
35%
201 sterben
35%
30 bringen
34%
96 schließen
34%
133 bauen
33%
99 fallen
33%
76 zahlen
33%
36 bekommen
32%
90 glauben
32%
74 helfen
32%
184 öffnen
32%
162 schlagen
32%
153 verlieren
32%
61 rechnen
31%
62 ändern
30%
73 verkaufen
30%
58 brauchen
29%
37 meinen
29%
69 nennen
29%
187 werfen
29%
26 zeigen
29%
111 kennen
28%
17 bleiben
27%
115 warten
27%
14 heißen
25%
42 setzen
25%
54 erzählen
24%
65 gewinnen
24%
93 steigen
24%
117 verstehen
24%
161 bezahlen
23%
146 hoffen
23%
83 treffen
23%
47 beginnen
22%
35 führen
22%
112 treten
22%
125 vergessen
21%
52 handeln
20%
21 erklären
19%
51 schaffen
19%
13 würden
19%
157 beenden
18%
173 bewegen
18%
23 erhalten
18%
32 scheinen
18%
44 versuchen
18%
180 lösen
17%
50 teilen
17%
194 wachsen
17%
245 benutzen
16%
181 besitzen
16%
41 bieten
16%
82 erkennen
16%
124 folgen
16%
134 hängen
16%
185 kämpfen
16%
77 nutzen
16%
197 schicken
16%
215 verbieten
16%
79 erinnern
15%
195 erleben
15%
222 vergeben
15%
64 wählen
15%
152 erlauben
14%
55 fordern
14%
248 melden
14%
123 reichen
14%
247 starten
14%
118 erfahren
13%
225 pflegen
13%
59 planen
13%
171 verdienen
13%
188 annehmen
12%
214 beschreiben
12%
40 bestehen
12%
165 ergeben
12%
34 erwarten
12%
97 fehlen
12%
20 gelten
12%
119 sorgen
12%
168 verändern
12%
137 befinden
11%
104 bilden
11%
164 dienen
11%
212 diskutieren
11%
38 erreichen
11%
24 gehören
11%
228 retten
11%
238 schützen
11%
223 stecken
11%
128 verbinden
11%
221 versprechen
11%
46 berichten
10%
68 entscheiden
10%
95 kosten
10%
92 leisten
10%
174 passieren
10%
207 prüfen
10%
182 sichern
10%
230 stimmen
10%
57 verletzen
10%
48 verloren
10%
102 wirken
10%
246 zwingen
10%
105 anbieten
9%
100 aufnehmen
9%
151 behandeln
9%
236 benötigen
9%
208 beraten
9%
86 bestimmen
9%
116 entdecken
9%
196 informieren
9%
211 verbessern
9%
166 vorstellen
9%
130 weisen
9%
217 zerstören
9%
131 betragen
8%
169 einstellen
8%
88 entstehen
8%
249 erfassen
8%
81 erscheinen
8%
250 funktionieren
8%
141 gelingen
8%
126 gründen
8%
147 interessieren
8%
198 klingen
8%
98 kündigen
8%
71 übernehmen
8%
242 untersuchen
8%
108 verlangen
8%
205 vermeiden
8%
144 ablehnen
7%
226 aufbauen
7%
172 behaupten
7%
121 beschließen
7%
220 besetzen
7%
122 drohen
7%
103 entfernen
7%
204 geschehen
7%
155 präsentieren
7%
231 produzieren
7%
237 reagieren
7%
109 unterstützen
7%
72 verhindern
7%
190 verteilen
7%
101 vertreten
7%
178 verwenden
7%
156 anlegen
6%
216 begründen
6%
203 betrachten
6%
135 entwickeln
6%
140 erfolgen
6%
142 lauten
6%
129 mitteilen
6%
232 organisieren
6%
138 verzichten
6%
210 warnen
6%
154 aussprechen
5%
84 beschäftigen
5%
87 bestätigen
5%
66 betonen
5%
75 bezeichnen
5%
80 einsetzen
5%
107 enthalten
5%
239 entlassen
5%
132 entsprechen
5%
159 erfüllen
5%
114 erhöhen
5%
218 ermöglichen
5%
227 erzeugen
5%
177 festnehmen
5%
200 feststellen
5%
163 gelangen
5%
106 geraten
5%
158 herrschen
5%
143 kritisieren
5%
167 übertragen
5%
150 überzeugen
5%
241 verabschieden
5%
176 verfügen
5%
160 verpflichten
5%
113 ankündigen
4%
213 ansteigen
4%
193 auffordern
4%
243 auslösen
4%
192 ausrechnen
4%
183 ausschließen
4%
244 aussetzen
4%
199 berücksichtigen
4%
78 beteiligen
4%
170 definieren
4%
175 durchführen
4%
240 einführen
4%
186 einrichten
4%
139 ermitteln
4%
179 festlegen
4%
233 finanzieren
4%
224 scheitern
4%
191 stammen
4%
206 stattfinden
4%
202 überwiegen
4%
229 veröffentlichen
4%
209 zuordnen
4%
235 bemühen
3%
219 gefährden
3%
234 vorwerfen
3%
Keine übereinstimmenden Quizze gefunden
Verteilung der Resultate
Anzahl Personen mit jedem Resultat
Perzentil nach korrekt beantworteten Fragen
Ihre Resultats-Entwicklung
Sie haben dieses Quiz noch nicht gespielt